BTS Map of the Soul 7 songs - Statistics

General Stats
  • This quiz has been taken 423 times
    421 since last reset
  • The average score is 13 of 20
Answer Stats
Songs % Correct
ON
91%
Black swan
80%
Filter
80%
Moon
80%
My time
80%
Friend
75%
Inner child
74%
UGH
72%
Outro : ego
67%
Boy with luv
65%
Louder than bombs
64%
Respect
62%
Interlude : shadow
61%
Intro : persona
61%
Dionysus
59%
Jamais vu
59%
We are bulletproof : the eternal
58%
Make it right
57%
00.00 (zero o'clock)
25%
ON (remix) (ft. Sia)
2%
No matching quizzes found
Score Distribution
Percent of People with Each Score
Percentile by Number Answered
Your Score History
You have not taken this quiz since the last reset